000 00219nam a2200097Ia 4500
008 240331s9999 xx 000 0 und d
082 _bSTU
100 _aSturman, M
245 0 _aGhosts, an enemy of the people
942 _cL
999 _c3182
_d3182